[Event "FRA-chT4 1415"]
[Site "Champagne Ardennes"]
[Date "2014.10.12"]
[Round "1"]
[White "Marte, Sebastien"]
[Black "Viard, Dominique"]
[Result "1-0"]
[WhiteElo "2049"]
[BlackElo "2005"]
[PlyCount "85"]
[EventDate "2014.10.16"]
[EventType "team-tourn"]
[EventRounds "7"]
[EventCountry "FRA"]
[SourceTitle "EXT 2024"]
[Source "ChessBase"]
[SourceDate "2023.10.10"]
[SourceVersion "1"]
[SourceVersionDate "2023.10.10"]
[SourceQuality "1"]

1. Nf3 Nf6 2. d4 d5 3. c4 c6 4. Nc3 a6 5. e3 b5 6. cxd5 cxd5 7. Be2 Bf5 8. 0-0 e6 9. Nh4 Bg6 10. g3 Be7 11. Re1 Nbd7 12. a3 Rc8 13. Nxg6 hxg6 14. Bf3 Nb6 15. e4 dxe4 16. Nxe4 Nfd5 17. b4 Nc4 18. Qd3 0-0 19. Nc5 Bxc5 20. bxc5 Qa5 21. Bg5 Rfe8 22. Kg2 Qc7 23. Re2 Qd7 24. Kg1 f6 25. Be3 Ndxe3 26. fxe3 Rxc5 27. Qxg6 Rg5 28. Qe4 Rd5 29. Qh4 Rd6 30. Bh5 g5 31. Bxe8 Qxe8 32. Qg4 Qg6 33. e4 f5 34. exf5 exf5 35. Qf3 Qf6 36. Rd1 Rd8 37. Qb7 Nxa3 38. Re7 Nc4 39. Qc7 Rf8 40. Qd7 b4 41. Rde1 Nd6 42. R1e5 Ne4 43. R5e6 1-0

[Event "FRA-chT4 0203"]
[Site "Champagne Ardenne"]
[Date "2003.04.06"]
[Round "7"]
[White "Le Bars, Yves"]
[Black "Viard, Dominique"]
[Result "0-1"]
[WhiteElo "2123"]
[BlackElo "1980"]
[PlyCount "66"]
[EventDate "2002.10.02"]
[EventType "team"]
[EventRounds "7"]
[EventCountry "FRA"]
[SourceTitle "EXT 2005"]
[Source "ChessBase"]
[SourceDate "2004.11.15"]
[SourceVersion "1"]
[SourceVersionDate "2004.11.15"]
[SourceQuality "1"]

1. e4 c6 2. d4 d5 3. exd5 cxd5 4. c4 Nf6 5. Nc3 e6 6. Nf3 Bb4 7. a3 Bxc3+ 8. bxc3 Nc6 9. Bd3 dxc4 10. Bxc4 0-0 11. 0-0 b6 12. Bg5 Bb7 13. Qd3 Na5 14. Ba2 Qc7 15. Bxf6 gxf6 16. Rac1 Qf4 17. Bb1 f5 18. Ne5 f6 19. g3 Qh6 20. Nf3 b5 21. Ba2 Nc4 22. Bxc4 bxc4 23. Qe3 Qxe3 24. fxe3 Be4 25. Nd2 Bd3 26. Rf4 Rab8 27. g4 Rb2 28. Nf3 Kf7 29. h3 Rg8 30. Ne1 fxg4 31. hxg4 Bf5 32. e4 Bxg4 33. Rf2 Bh3+ 0-1